01572 a2200193 45000010006000000050017000060080041000230030015000640400040000790800036001192450155001550200022003102640106003323000019004385050728004570410008011851000022011938560163012152969820260407155607.0260407a2008 arg spa dAR-UNSa-BCEJYS aAR-UNSa-BCEJYSbspacAR-UNSa-BCEJYS a929:34xBiografía de Abogados10aFrancisco Manuel de Herrera, fiscal de la Audencia de Buenos Aires (1789-1799)pderecho, asuntos indígenas, religión, administración, economía a978-950-29-1095-6 1aBuenos Aires :bUniversidad de Buenos Aires. Facultad de Derecho. Departamento de Publicacionesc2008 a313 p.c22 cm. aPrimera parte:Vida y pensamiento de Francisco Manuel de Herrera: 1. Nacimiento, familia y educación - 2. Nombramiento como fiscal del crimen en Buenos Aires - 3. Incorporación ala audiencia de Buenos Aires.Trabajos - 4. Personalidad.Relación con autoridades - 5. Sus observaciones y comentarios sobre otros personajes y hechos - 6. Fiscal de la audiencia de Santiago de chile - 7. Fiscal del crimen de la audiencia de Lima.Promoción a la regencia del tribunal de santafé de bogotá - 8. Ejercicio de la regencia bogotana - 9. Padecimiento y muerte - 10. La biblioteca - 11. Carácter.Creencias.Doctrina - 12. Colofón--Segunda parte:En CD: 1. Criminales contra José Roldán por haber herido a josé Ayala. aspa1 aLevaggi, Abelardo41uhttps://biblioeco.unsa.edu.ar/pmb/images/libros/Francisco Manuel de Herrera, fiscal de la Audencia de Buenos Aires -l117751.jpgyImagen de portadaqimage/jpeg